| 000 | 01263nam a2200217 i 4500 | ||
|---|---|---|---|
| 001 | 122704 | ||
| 003 | ES-MaACL | ||
| 005 | 20230906192028.0 | ||
| 007 | t| | ||
| 008 | 070214s1932 xxk |||| | eng d | ||
| 111 | 2 |
_aGeneral Assembly of the International Union for the Scientific Investigation of Population Problems ( _cLondres ( _d1931) ( _n. 2ª) _9218933 |
|
| 245 | 1 | 0 |
_aProblems of population _b: being the report of the proceedings of the second General Assembly of the International Union for the Scientific Investigation of Population Problems : held at the Royal Society of Arts, London, June 15-18, 1931 / _ced. by G. H. L. F. Pitt-Rivers = Problèmes de population : compte-rendu des travaux de la deuxième Assemblée Générale de l'Union International pour l'Etude Scientifique des Problèmes de Population : tenue áa la Royal Society of Arts, áa Londres, les 15, 16, 17 et 18 juin 1931 / éd. par G.H.L.F. Pitt-Rivers. |
| 246 | 3 | 1 | _aProblèmes de population |
| 260 |
_aLondon : _bGeorge Allen, _c1932. |
||
| 300 |
_a372 p. ; _c25 x 16 cm + _e1 mapa. |
||
| 500 | _aTexto en inglés y francés. | ||
| 650 |
_aPoblación. _916139 |
||
| 700 | 1 |
_aPitt-Rivers, George Henry Lane Fox. _992425 |
|
| 852 |
_aES-MaACL _jA-1639 |
||
| 999 |
_c122704 _d122704 |
||